01430 2200433 4500001002100000005001500021035002000036007000300056008004100059020002200100082000800122084001200130245034600142250001000488260004000498300004400538500001100582650002600593700003100619700002300650700003200673700001600705700001500721700002700736700002400763700002100787700001700808700001900825700002100844700001500865700001800880700001800898504002500916990001100941990001100952990001100963990001100974990001100985INLIS00000000000595720200716100202 a0010-0720000125ta200716 g 0 ind  a978-602-9192-56-8 a030 a030 ENS aEnsiklopedia Teknologi Informasi Komunikasi :bB2B (Business to business) Cabling System /cAdian Zikri Jasuara Lubis, Yoan Heru Prabowo, Azzahra Inang Sahata Lubis, Agus Salim; editor, Friemadona, Krestiyati M. Tanassy, AangPermana Wijaya, Kenuk Kurniasih, Eka Maryono, Arman Badriza, M. Ali Sumaredi, Ferarianty, Edward Yosef, Agus Saputra acet.1 aDepok :bOptima Intelijensia,c2013 ajil.2, viii, 66 hlm. :bilus. ;c26 cm. aIndeks 4aENSIKLOPEDI DAN KAMUS0 aLUBIS, Adian Zikri Jasuara0 aYOAN, Heru Prabowo0 aLUBIS, Azzahra Inang Sahata0 aAGUS, Salim0 aFRIEMADONA0 aKRESTIYATI, M. Tanassy0 aAANGPERMANA, Wijaya0 aKENUK, Kurniasih0 aEKA, Maryono0 aARMAN, Badriza0 aALI, Sumaredi M.0 aFERARIANTY0 aEDWARD, Yosef0 aAGUS, Saputra aBibliografi : hlm.65 a7529 a a7529 b a7529 c a7529 d a7529 e